00744nam a22002297a 450000500170000001000130001702000230003003500130005303700160006604000120008208200180009410000190011224500960013125000110022726000460023827000470028430000290033150000500036065000470041065000390045770000180049620170124110204.0 aA-817167 c150.00a8120310489 aA-817167 bCen Lib/Ret aDPLbEN a001.6424bSTE aSterling, Leon aThe art of Prolog :cby Leon Sterling [and] Ehud Shapirobadvanced programming techniques / a2nd ed aNew DelhibPrentice Hall of India c1996 bNew DelhiaM-97, Connaught Circus e110001 axxxviii,509p. c24cm(Hb) aIncludes bibliographical references and index aCOMPUTERS -- Programming Languages -- Java aProlog (Computer program language) aShapiro, Ehud